00339nam a2200121Ia 4500008004100000041001200041082001800053100003900071245005600110250001200166260002500178300001400203231217s9999 xx 000 0 und d aEnglish a658.5 FRE;18 aFreeman-Bell, Gail Balkwill, James 0aManagement in engineering : principles and practice a2nd ed. c1996bPHIaNew Delhi axxiii+493